నూట పద్దెనిమిది మూలకాలు - Statistics

General Stats
  • This quiz has been taken 2 times
  • The average score is 7 of 118
Answer Stats
# చిహ్నము మూలకాలు % Correct
1 H ఉదజని
100%
2 He సౌరము
50%
3 Li గ్రావము
50%
4 Be విదురము
50%
5 B టంకం
50%
6 C కర్బనము
50%
8 O ఆమ్లజని
50%
29 Cu రాగి
50%
47 Ag వెండి
50%
50 Sn తగరం
50%
79 Au బంగారం
50%
93 Np ఇంద్రము
50%
7 N నత్రజని
0%
9 F ప్లవము
0%
10 Ne న్యోనము
0%
11 Na సోడియం
0%
12 Mg మగ్నము
0%
13 Al స్పటం
0%
14 Si శైలము
0%
15 P భాస్వరం
0%
16 S గంధకం
0%
17 Cl హరినం
0%
18 Ar అర్గనము
0%
19 K పొటాసియం
0%
20 Ca ఖటికము
0%
21 Sc స్కందము
0%
22 Ti తితనము
0%
23 V వనాటము
0%
24 Cr క్రమిదము
0%
25 Mn మాంగనము
0%
26 Fe ఇనుము
0%
27 Co మణిశిల
0%
28 Ni నికిలము
0%
30 Zn తుత్తునాగము
0%
31 Ga గాల్లము
0%
32 Ge శార్మణ్యము
0%
33 As పాషాణం
0%
34 Se సోమం
0%
35 Br స్తంభము
0%
36 Kr క్రిప్తము
0%
37 Rb రూపదము
0%
38 Sr స్త్రాంతము
0%
39 Y యిత్రము
0%
40 Zr జిర్కనము
0%
41 Nb నియోబము
0%
42 Mo మోలదము
0%
43 Tc టెక్నీషము
0%
44 Ru రుథేనము
0%
45 Rh హ్రదము
0%
46 Pd క్షేమాధారము
0%
48 Cd కాద్మము
0%
49 In ఇందము
0%
51 Sb అంజనం
0%
52 Te భౌమం
0%
53 I అదము
0%
54 Xe ఝోనము
0%
55 Cs సీజియము
0%
56 Ba భారము
0%
57 La లంథనము
0%
58 Ce శ్రీకము
0%
59 Pr ప్రాస్యుదిమము
0%
60 Nd న్యోదిమము
0%
61 Pm ప్రోమీథము
0%
62 Sm సామరము
0%
63 Eu ఐరోపము
0%
64 Gd గాదోలినము
0%
65 Tb టర్బియము
0%
66 Dy దిస్ప్రోసము
0%
67 Ho హోల్మము
0%
68 Er అర్వము
0%
69 Tm థులము
0%
70 Yb యటర్బియము
0%
71 Lu లూటీషము
0%
72 Hf హాఫ్నము
0%
73 Ta తంతలము
0%
74 W తుంగస్థము
0%
75 Re హ్రనము
0%
76 Os ఓస్మము
0%
77 Ir ఐంద్రము
0%
78 Pt ప్లాటినం
0%
80 Hg పాదరసము
0%
81 Tl థాల్లము
0%
82 Pb సీసము
0%
83 Bi బిస్మతము
0%
84 Po పొలోనము
0%
85 At ఆస్టటీను
0%
86 Rn రేదనము
0%
87 Fr పరాసము
0%
88 Ra రదము
0%
89 Ac అక్టినము
0%
90 Th థురము
0%
91 Pa ప్రథమక్టినము
0%
92 U వరుణము
0%
94 Pu యమము
0%
95 Am అమెరిసము
0%
96 Cm క్యూరియం
0%
97 Bk బర్కెలియం
0%
98 Cf కాలిఫార్నియం
0%
99 Es ఐంస్టైనియం
0%
100 Fm ఫర్మియం
0%
101 Md మెండెలెవియం
0%
102 No నోబెలియం
0%
103 Lr లారెంసియం
0%
104 Rf రదర్ఫార్జియం
0%
105 Db డబ్నం
0%
106 Sg సీబార్గియం
0%
107 Bh బోరియం
0%
108 Hs హాసియం
0%
109 Mt మేట్నేరియం
0%
110 Ds దార్మస్తాడ్టియం
0%
111 Rg రోంట్జెనియం
0%
112 Cn కాపర్నిసియం
0%
113 Nh నిహోనియం
0%
114 Fl ఫ్లెరోవియం
0%
115 Mc మస్కోవియం
0%
116 Lv లివర్మోరియం
0%
117 Ts టెనెసీను
0%
118 Og ఓగనేసాను
0%
No matching quizzes found
Score Distribution
Percent of People with Each Score
Percentile by Number Answered
Your Score History
You have not taken this quiz